00609nam a2200205Ia 4500003000900000008004100009040001300050040001300063041000800076100002000084245004400104250001200148260001500160260000900175300000800184490000600192942000700198999001300205952018500218IT-RoPAU120407s9999 xx 000 0 und d aIT-RoPAU cIT-RoPAU aita aAntonio Augenti aProblemi di economia dell’educazione. aFirenze aLe Monnier c1973 c cm v1 cBK c349d349 00102ddc406270_39000000000000071aPAULUSbPAULUSd2012-04-11l0o270.39r2012-04-11 00:00:00w2012-04-11yBKzInserito da: Anna In data: n.d. fondo: Via A.Severo 56 Progr:29913